[Event "FRA-ch U14 Girls"]
[Site "Aix les Bains"]
[Date "2009.04.24"]
[Round "7"]
[White "Eid, Maha"]
[Black "Pouillart, Cecile"]
[Result "1-0"]
[WhiteElo "1929"]
[BlackElo "1745"]
[PlyCount "79"]
[EventDate "2009.04.19"]
[EventType "swiss"]
[EventRounds "9"]
[EventCountry "FRA"]
[SourceTitle "CBM 130 Extra"]
[Source "ChessBase"]
[SourceDate "2009.07.02"]
[SourceVersion "2"]
[SourceVersionDate "2009.07.15"]
[SourceQuality "1"]

1. d4 Nf6 2. c4 g6 3. Nc3 Bg7 4. e4 0-0 5. f3 Nc6 6. Be3 e5 7. Nge2 exd4 8. Nxd4 Nh5 9. Qd2 f5 10. 0-0-0 d6 11. Kb1 Nxd4 12. Bxd4 Bxd4 13. Qxd4 Qf6 14. Qd2 fxe4 15. Nxe4 Qf4 16. Qd5+ Qf7 17. Qxf7+ Kxf7 18. c5 dxc5 19. Bc4+ Kg7 20. Nxc5 b6 21. Nb3 Bf5+ 22. Kc1 Nf4 23. g3 Nh3 24. Rhe1 Rae8 25. Nd4 Bc8 26. Be6 Ng5 27. Bxc8 Rxc8 28. f4 c5 29. Nb5 Nf3 30. Re7+ Kf6 31. Rxh7 Rce8 32. Nc3 Rf7 33. Nd5+ Ke6 34. Nc7+ Ke7 35. Rxf7+ Kxf7 36. Nxe8 Kxe8 37. Rd6 Nxh2 38. Rxg6 Nf1 39. g4 Ne3 40. Re6+ 1-0

[Event "FRA-chT U20 0809"]
[Site "Sautron"]
[Date "2009.01.02"]
[Round "6.4"]
[White "Neri, Jean Baptiste"]
[Black "Pouillart, Cecile"]
[Result "1-0"]
[WhiteElo "1994"]
[BlackElo "1701"]
[PlyCount "41"]
[EventDate "2008.10.??"]
[EventType "team-tourn"]
[EventRounds "11"]
[EventCountry "FRA"]
[SourceTitle "EXT 2010"]
[Source "ChessBase"]
[SourceDate "2010.11.25"]
[SourceVersion "1"]
[SourceVersionDate "2010.11.25"]
[SourceQuality "1"]

1. e4 c5 2. Nf3 d6 3. d4 cxd4 4. Nxd4 Nf6 5. Nc3 Nc6 6. Bg5 Bd7 7. Qd2 Rc8 8. Nb3 h6 9. Bh4 g5 10. Bg3 Bg7 11. 0-0-0 a5 12. Bb5 Nb4 13. Bxd7+ Qxd7 14. Kb1 a4 15. Nd4 e6 16. Ndb5 d5 17. Nd6+ Kf8 18. Nxc8 Qxc8 19. Bd6+ Kg8 20. Bxb4 Nxe4 21. Nxe4 1-0

[Event "FRA-chT U20 0809"]
[Site "Sautron"]
[Date "2009.01.02"]
[Round "4.4"]
[White "Ponti Simonis, Valentine"]
[Black "Pouillart, Cecile"]
[Result "0-1"]
[WhiteElo "1520"]
[BlackElo "1701"]
[PlyCount "72"]
[EventDate "2008.10.??"]
[EventType "team-tourn"]
[EventRounds "11"]
[EventCountry "FRA"]
[SourceTitle "EXT 2010"]
[Source "ChessBase"]
[SourceDate "2010.11.25"]
[SourceVersion "1"]
[SourceVersionDate "2010.11.25"]
[SourceQuality "1"]

1. e4 c5 2. Nf3 d6 3. d4 cxd4 4. Nxd4 Nf6 5. Nc3 Nc6 6. Be3 Ng4 7. Bc1 Qb6 8. f3 Qxd4 9. fxg4 Qxd1+ 10. Nxd1 Bxg4 11. Bd3 g6 12. 0-0 Bg7 13. Nc3 Rc8 14. Bd2 0-0 15. Rae1 Nb4 16. a3 Nxd3 17. cxd3 Bd4+ 18. Kh1 Bd7 19. Rf3 Rc5 20. Ref1 f5 21. Be3 Bxe3 22. Rxe3 fxe4 23. Rxf8+ Kxf8 24. Rxe4 Bc6 25. Re1 b5 26. Kg1 Rf5 27. h3 Kf7 28. Re3 e5 29. Ne4 Ke6 30. Rf3 Bxe4 31. dxe4 Rxf3 32. gxf3 d5 33. Kf2 d4 34. Ke2 Kf6 35. Kf2 Kg5 36. b3 Kf4 0-1

[Event "FRA-chT Top 12 (Women)"]
[Site "Rennes"]
[Date "2007.05.13"]
[Round "5"]
[White "Clementiaux, Flore"]
[Black "Pouillart, Cecile"]
[Result "1-0"]
[WhiteElo "1630"]
[BlackElo "1600"]
[PlyCount "37"]
[EventDate "2007.05.11"]
[EventType "team"]
[EventRounds "5"]
[EventCountry "FRA"]
[SourceTitle "CBM 118 Extra"]
[Source "ChessBase"]
[SourceDate "2007.07.04"]
[SourceVersion "1"]
[SourceVersionDate "2007.07.04"]
[SourceQuality "1"]
[WhiteTeam "Vandoeuvre"]
[BlackTeam "Creteil"]
[WhiteTeamCountry "FRA"]
[BlackTeamCountry "FRA"]

1. e4 e5 2. Nf3 Nc6 3. Bc4 Bc5 4. d3 Nf6 5. Nc3 d6 6. Bg5 h6 7. Bh4 Bg4 8. Qd2 g5 9. Nxg5 hxg5 10. Bxg5 Nd4 11. Nd5 Qc8 12. Nxf6+ Kf8 13. c3 Nc6 14. Bh6+ Ke7 15. Qg5 Be6 16. Bb5 a6 17. Bxc6 bxc6 18. Nd5+ Kd7 19. Qe7# 1-0

[Event "FRA-chT Top 12 (Women)"]
[Site "Rennes"]
[Date "2007.05.13"]
[Round "4"]
[White "Pouillart, Cecile"]
[Black "Holin, Alexandra"]
[Result "1/2-1/2"]
[WhiteElo "1600"]
[BlackElo "1563"]
[PlyCount "58"]
[EventDate "2007.05.11"]
[EventType "team"]
[EventRounds "5"]
[EventCountry "FRA"]
[SourceTitle "CBM 118 Extra"]
[Source "ChessBase"]
[SourceDate "2007.07.04"]
[SourceVersion "1"]
[SourceVersionDate "2007.07.04"]
[SourceQuality "1"]
[WhiteTeam "Creteil"]
[BlackTeam "Bois Colombes"]
[WhiteTeamCountry "FRA"]
[BlackTeamCountry "FRA"]

1. e4 c5 2. Nf3 Nc6 3. d4 cxd4 4. Nxd4 Nf6 5. Nc3 e5 6. Ndb5 d6 7. a4 a6 8. Na3 Be6 9. f3 d5 10. exd5 Nxd5 11. Nxd5 Bxd5 12. Be3 Rc8 13. Bc4 Bb4+ 14. c3 Bxa3 15. Qxd5 Qxd5 16. Bxd5 Bxb2 17. Rb1 Bxc3+ 18. Kf2 Rc7 19. Bxc6+ Rxc6 20. Rxb7 0-0 21. Rd1 Rc4 22. Rd3 f5 23. Rdd7 e4 24. Bd2 Bd4+ 25. Ke2 Rxa4 26. Bb4 Ra2+ 27. Kd1 Ra1+ 28. Ke2 Ra2+ 29. Kd1 Ra1+ 1/2-1/2

[Event "FRA-chT Top 12 (Women)"]
[Site "Rennes"]
[Date "2007.05.12"]
[Round "3"]
[White "Pouillart, Cecile"]
[Black "Boissonnier, Karina"]
[Result "1-0"]
[WhiteElo "1600"]
[BlackElo "1480"]
[PlyCount "83"]
[EventDate "2007.05.11"]
[EventType "team"]
[EventRounds "5"]
[EventCountry "FRA"]
[SourceTitle "CBM 118 Extra"]
[Source "ChessBase"]
[SourceDate "2007.07.04"]
[SourceVersion "1"]
[SourceVersionDate "2007.07.04"]
[SourceQuality "1"]
[WhiteTeam "Creteil"]
[BlackTeam "Paris Chess Club"]
[WhiteTeamCountry "FRA"]
[BlackTeamCountry "FRA"]

1. e4 e5 2. Nf3 Nc6 3. Bc4 Nf6 4. d4 exd4 5. e5 Bb4+ 6. Bd2 Bxd2+ 7. Nbxd2 Qe7 8. 0-0 Ng8 9. Re1 b6 10. Nb3 Bb7 11. Qd3 0-0-0 12. Ba6 Nb4 13. Bxb7+ Kxb7 14. Qxd4 Kb8 15. Qd2 Nh6 16. a3 Nc6 17. a4 Ng4 18. Qe2 Rhe8 19. Qa6 Ngxe5 20. Nxe5 Nxe5 21. f4 d6 22. fxe5 dxe5 23. a5 f5 24. axb6 cxb6 25. Qb5 Qc7 26. Na5 Re6 27. Nc4 Rde8 28. Rad1 h5 29. Nd6 Rf8 30. Nc4 h4 31. Rxe5 Rc6 32. Rd4 f4 33. c3 f3 34. gxf3 Rg6+ 35. Kh1 Qf7 36. f4 Kc7 37. Red5 Qf6 38. Rd6 Qf5 39. Qxf5 Rxf5 40. Rxg6 Rf7 41. Ne5 Re7 42. Rgd6 1-0

[Event "FRA-ch U10 Girls"]
[Site "Aix les Bains"]
[Date "2006.??.??"]
[Round "3"]
[White "Pouillart, Cecile"]
[Black "Fischer, Julie"]
[Result "1/2-1/2"]
[WhiteElo "1410"]
[BlackElo "1620"]
[PlyCount "88"]
[EventDate "2006.04.16"]
[EventType "swiss"]
[EventRounds "9"]
[EventCountry "FRA"]
[SourceTitle "EXT 2007"]
[Source "ChessBase"]
[SourceDate "2006.11.23"]
[SourceVersion "1"]
[SourceVersionDate "2006.11.23"]
[SourceQuality "1"]

1. e4 e5 2. Nf3 Nf6 3. Nxe5 d6 4. Nf3 Nxe4 5. d4 d5 6. Bd3 Bd6 7. 0-0 0-0 8. Re1 Re8 9. c4 c6 10. Nc3 Bf5 11. Qc2 Bb4 12. a3 Bxc3 13. bxc3 Nd7 14. cxd5 cxd5 15. Qb3 Nb6 16. a4 Rc8 17. Bb2 Nc4 18. Bxc4 dxc4 19. Qxb7 Rb8 20. Qc6 Rxb2 21. Qxc4 Rc2 22. Ne5 Be6 23. Qd3 Rxc3 24. Qxe4 Bd5 25. Qf4 Qc7 26. Qf5 Qe7 27. Qd7 Qxd7 28. Nxd7 Rxe1+ 29. Rxe1 f6 30. f3 Rc4 31. Nc5 Rxd4 32. Rc1 Kf7 33. Rc2 Rc4 34. Rxc4 Bxc4 35. Kf2 Ke7 36. Ne4 Bd5 37. Ke3 Bxe4 38. Kxe4 Kd6 39. Kd4 Kc6 40. Kc4 a5 41. f4 f5 42. g3 g6 43. h3 h6 44. g4 fxg4 1/2-1/2

[Event "FRA-ch U10 Girls"]
[Site "Aix les Bains"]
[Date "2006.??.??"]
[Round "6"]
[White "Pouillart, Cecile"]
[Black "Rigolot, Lucie"]
[Result "1/2-1/2"]
[WhiteElo "1410"]
[BlackElo "1610"]
[PlyCount "92"]
[EventDate "2006.04.16"]
[EventType "swiss"]
[EventRounds "9"]
[EventCountry "FRA"]
[SourceTitle "EXT 2007"]
[Source "ChessBase"]
[SourceDate "2006.11.23"]
[SourceVersion "1"]
[SourceVersionDate "2006.11.23"]
[SourceQuality "1"]

1. e4 c5 2. Nf3 d6 3. d4 cxd4 4. Nxd4 Nf6 5. Nc3 a6 6. h3 b5 7. a3 Bb7 8. Bd3 Nbd7 9. 0-0 h6 10. Re1 e5 11. Nf3 Be7 12. Nd2 Nc5 13. Nf1 Qc7 14. Ne3 Ncxe4 15. Nxe4 Nxe4 16. Bxe4 Bxe4 17. Nd5 Bxd5 18. Qxd5 Rc8 19. c3 Qc5 20. Qb7 Qc6 21. Qa7 Ra8 22. Qe3 Bg5 23. Qd3 0-0 24. Bxg5 hxg5 25. Rad1 Rad8 26. Qf5 f6 27. Qe6+ Rf7 28. Rd2 Kf8 29. Red1 Rfd7 30. Rd5 Re7 31. Rxd6 Rxd6 32. Qxd6 Qxd6 33. Rxd6 Ra7 34. Kf1 Kf7 35. Ke2 Kg6 36. g4 Kf7 37. Ke3 Ke7 38. Rb6 Kf7 39. Ke4 Ra8 40. b3 Rc8 41. Kd3 Rd8+ 42. Kc2 Rh8 43. Rxa6 Rxh3 44. c4 bxc4 45. bxc4 Rh2 46. c5 Rxf2+ 1/2-1/2

[Event "FRA-chT U20"]
[Site "Pau"]
[Date "2005.12.20"]
[Round "7"]
[White "Chardon, Xavier"]
[Black "Pouillart, Cecile"]
[Result "1/2-1/2"]
[WhiteElo "1230"]
[BlackElo "1390"]
[PlyCount "136"]
[EventDate "2005.12.??"]
[EventType "team"]
[EventRounds "11"]
[EventCountry "FRA"]
[SourceTitle "EXT 2007"]
[Source "ChessBase"]
[SourceDate "2006.11.23"]
[SourceVersion "1"]
[SourceVersionDate "2006.11.23"]
[SourceQuality "1"]
[WhiteTeam "Montpellier"]
[BlackTeam "Creteil"]
[WhiteTeamCountry "FRA"]
[BlackTeamCountry "FRA"]

1. e4 e5 2. d4 exd4 3. Qxd4 Nc6 4. Qe3 Be7 5. Qg3 Bf6 6. Nc3 Nge7 7. Bd2 d6 8. 0-0-0 Be6 9. f4 g6 10. Nf3 Nd4 11. Nxd4 Bxd4 12. e5 dxe5 13. fxe5 Nc6 14. Bf4 Qe7 15. Bb5 0-0-0 16. Qf3 Nxe5 17. Bxe5 Bxe5 18. Ba6 Qb4 19. Rxd8+ Rxd8 20. Be2 Qf4+ 21. Qxf4 Bxf4+ 22. Kb1 h5 23. g3 Be5 24. Ne4 Bd5 25. Bf3 f5 26. Ng5 Bxf3 27. Nxf3 Bf6 28. a3 Rd6 29. c3 Kd7 30. h4 Ke6 31. Re1+ Kd5 32. Rd1+ Kc6 33. Re1 a5 34. Ng5 Bxg5 35. hxg5 Kd5 36. Kc2 Re6 37. Rd1+ Kc6 38. Kb3 Re3 39. Rg1 b5 40. Kc2 Rf3 41. Kd2 Rf2+ 42. Kc1 f4 43. gxf4 Rxf4 44. Re1 Kd6 45. Rd1+ Ke5 46. Kc2 Rg4 47. Rd7 Rxg5 48. Rxc7 h4 49. Rh7 Rg2+ 50. Kd3 g5 51. Ke3 Kf5 52. Kf3 Rxb2 53. Rf7+ Kg6 54. Rf8 Rc2 55. Kg4 Rxc3 56. Rg8+ Kf6 57. Rxg5 Rc4+ 58. Kh5 h3 59. Rg1 Kf5 60. Rg5+ Kf4 61. Rxb5 h2 62. Rb1 Kg3 63. Rb3+ Kg2 64. Rb2+ Kg1 65. Rb1+ Kg2 66. Rb2+ Kg1 67. Rb1+ Kg2 68. Rb2+ Kg1 1/2-1/2

[Event "FRA-chT U20 0506"]
[Site "France"]
[Date "2005.11.13"]
[Round "2.7"]
[White "Rigolot, Lucie"]
[Black "Pouillart, Cecile"]
[Result "0-1"]
[WhiteElo "1620"]
[BlackElo "1390"]
[PlyCount "148"]
[EventDate "2005.11.12"]
[EventType "team"]
[EventRounds "3"]
[EventCountry "FRA"]
[SourceTitle "CBM 109 Extra"]
[Source "ChessBase"]
[SourceDate "2006.01.03"]
[SourceVersion "2"]
[SourceVersionDate "2006.01.03"]
[SourceQuality "1"]

1. e4 e5 2. Nf3 Nc6 3. Bb5 Nd4 4. Nxd4 exd4 5. c3 Bc5 6. 0-0 Nf6 7. a3 c6 8. Ba4 0-0 9. d3 Re8 10. b4 Bb6 11. Bb2 dxc3 12. Nxc3 d5 13. exd5 Nxd5 14. Nxd5 Qxd5 15. Bb3 Qd6 16. Qf3 Be6 17. Bc2 Bc7 18. Qg3 Qxg3 19. fxg3 Bd5 20. Rae1 a5 21. Bc3 axb4 22. axb4 Be6 23. Ra1 Ra2 24. Rxa2 Bxa2 25. Ra1 Bb6+ 26. Kf1 Bd5 27. Rb1 f6 28. d4 Bc4+ 29. Kg1 Re2 30. Bb3 Bxb3 31. Rxb3 Rc2 32. Kf1 Kf7 33. Bb2 Ke6 34. b5 c5 35. dxc5 Bxc5 36. Ba3 Bb6 37. Rf3 g6 38. h4 f5 39. Rf4 Bc7 40. Rf2 Rc3 41. Re2+ Kd5 42. Bb2 Rxg3 43. Rc2 Bb6 44. Rd2+ Ke6 45. Re2+ Re3 46. Rxe3+ Bxe3 47. Ke2 Bb6 48. Kd3 Kd5 49. Bc3 Bf2 50. Ke2 Bxh4 51. Bd2 h5 52. Kf3 Ke5 53. g3 Bf6 54. Ke2 Ke4 55. b6 g5 56. Kf2 h4 57. gxh4 gxh4 58. Kg2 f4 59. Be1 f3+ 60. Kg1 Bd4+ 61. Kf1 h3 62. Bg3 Ke3 63. Bc7 Ke4 64. Ke1 Be5 65. Kf2 h2 66. Bxe5 Kxe5 67. Ke3 h1Q 68. Kd3 Qe1 69. Kc2 f2 70. Kd3 f1Q+ 71. Kc2 Qc4+ 72. Kb2 Qec3+ 73. Kb1 Qd2 74. Ka1 Qcc1# 0-1